Mots de la langue française terminés par "caire" - Statistiques

Statistiques générales
  • Ce quiz a été pris 211 fois
  • Le résultat moyen est 6 sur 13
Statistiques - réponses
Indice Mot % Correct
Roche calcaire
82%
S'occupe des livres bibliothécaire
81%
Capitale Le Caire
81%
Éruption passagère semblable à des piqûres d'ortie urticaire
74%
Chèque ... bancaire
73%
Vieux pharmacien apothicaire
69%
Incertain précaire
60%
Titre religieux vicaire
54%
Ville du Gard Beaucaire
23%
Tueur à gages sicaire
10%
Larve de la douve cercaire
1%
Petite plante à fleurs jaunes ficaire
1%
Ancien instrument de musique nacaire
0%
Aucun quiz correspondant
Distribution des résultats
% des personnes avec chaque résultat
Percentile par nombre de réponses
Votre historique - résultats
Vous n’avez pas pris ce quiz